Top 4 Pucharu Azji w piłce nożnej cz.1 - Statystyki

Ogólne statystyki
  • Ten quiz został rozwiązany 65 razy
  • Średni wynik to 30 z 40
Statystyki odpowiedzi
Hint Odpowiedź % Poprawnych
1 miejsce Japonia
98%
3 miejsce Chiny
92%
2 miejsce Chiny
92%
4 miejsce Chiny
92%
3 miejsce Chiny
92%
1 miejsce Korea Południowa
88%
1 miejsce Korea Południowa
88%
3 miejsce Korea Południowa
88%
2 miejsce Korea Południowa
88%
2 miejsce Korea Południowa
88%
2 miejsce Korea Południowa
88%
1 miejsce Arabia Saudyjska
86%
1 miejsce Arabia Saudyjska
86%
2 miejsce Arabia Saudyjska
86%
1 miejsce Iran
86%
1 miejsce Iran
86%
1 miejsce Iran
86%
3 miejsce Iran
86%
4 miejsce Iran
86%
3 miejsce Iran
86%
4 miejsce Irak
84%
2 miejsce Indie
80%
2 miejsce Izrael
73%
2 miejsce Izrael
73%
1 miejsce Izrael
73%
3 miejsce Izrael
73%
4 miejsce Korea Północna
73%
3 miejsce Tajlandia
69%
4 miejsce Zjednoczone Emiraty Arabskie
69%
4 miejsce Wietnam Południowy
67%
4 miejsce Wietnam Południowy
67%
2 miejsce Kuwejt
59%
1 miejsce Kuwejt
59%
3 miejsce Kuwejt
59%
4 miejsce Kambodża
53%
3 miejsce Tajwan
53%
4 miejsce Tajwan
53%
2 miejsce Mjanma
45%
3 miejsce Hongkong
24%
4 miejsce Hongkong
24%
Nie znaleziono quizów pasujących do podanych kryteriów
Rozkład punktacji
Procent ludzi z każdym wynikiem
Percentyl według liczby udzielonych odpowiedzi
Twoja historia wyników
Nie rozwiązałeś tego quizu